Štýly vedenia vo vzťahu k výkonu zamestnancov diplomová práca

Gespeichert in:
Bibliographische Detailangaben
1. Verfasser: Höfnerová, Lenka
Körperschaft: Podnikovohospodárska fakulta EU so sídlom v Košiciach. Katedra manažmentu
Weitere Verfasser: Bruothová, Michaela, 1979-
Format: Buch
Sprache:Slowakisch
Veröffentlicht: Košice 2014
Tags: Tag hinzufügen
Keine Tags, Fügen Sie das erste Tag hinzu!

MARC

LEADER 00000nbm a2200000 4500
001 0187051
005 20170201084718.7
041 0 |a slo 
044 |a SK 
245 1 0 |a Štýly vedenia vo vzťahu k výkonu zamestnancov  |b diplomová práca  |c Lenka Höfnerová ; školiteľ: Michaela Bruothová 
264 1 |a Košice  |c 2014 
300 |a 100 s. 
100 1 |a Höfnerová, Lenka 
700 1 |a Bruothová, Michaela, 1979- 
710 2 |a Podnikovohospodárska fakulta EU so sídlom v Košiciach. Katedra manažmentu